00307pab a2200121 454500008004000000100001700040245004700057260000900104300001400113362000800127650001600135773003400151180718b2008 xxu||||| |||| 00| 0 eng d aDas, Shankar aWorking with individuals in urban settings c2008 ap.203-19. aApr aSocial work aIndian Journal of Social Work